| 000 | 01071cam a2200301 a 4500 | ||
|---|---|---|---|
| 001 | 14185646 | ||
| 003 | OSt | ||
| 005 | 20230819115843.0 | ||
| 008 | 051201s2001 vaua b 001 0 eng d | ||
| 010 | _a 2005620745 | ||
| 020 | _a9781890367398 | ||
| 035 | _a(OCoLC)ocm48968470 | ||
| 040 |
_aAED _cAED _dPMIPA _dOCLCQ _dBAKER _dDLC |
||
| 042 | _alccopycat | ||
| 050 | 0 | 0 |
_aHD69.P75 _bP679 2001 |
| 082 | 0 | 0 |
_a658.15 _bPRI/R |
| 100 | 1 |
_aPritchard, Carl L. _99327 |
|
| 245 | 1 | 0 |
_aRisk management : _bconcepts and guidance / _cby Carl L. Pritchard. |
| 250 | _a3rd ed. | ||
| 260 |
_aArlington, Va. : _bESI International, _cc2005. |
||
| 300 |
_a383 p. : _bill. ; _c23 cm. |
||
| 504 | _aIncludes bibliographical references (p. [331]-333) and index. | ||
| 650 | 0 |
_aProject management _xDecision making. |
|
| 650 | 0 | _aRisk management. | |
| 856 | 4 | 1 |
_3Table of contents _uhttp://www.loc.gov/catdir/toc/fy0602/2005620745.html |
| 942 |
_2ddc _cBK _h658.15 _iPRI/R _k658.15 _mPRI/R |
||
| 999 |
_c41906 _d41906 |
||